| 000 | 00386nam a2200157 a 4500 | ||
|---|---|---|---|
| 003 | DO-SdBNP | ||
| 005 | 20220831133735.0 | ||
| 007 | ta | ||
| 008 | 090710s2007 000 spa d | ||
| 020 | _a9788496515345 | ||
| 040 |
_aDO-SdBNP _bspa _cBNPHU |
||
| 082 | 4 |
_bA188 _222 |
|
| 245 | 0 |
_aActividad y territorio : _bun siglo de cambios. |
|
| 260 |
_aEspaƱa, _c2007. |
||
| 942 |
_2ddc _cLBS1 |
||
| 999 |
_c3346 _d3346 |
||